000 01840nam0a2200337 4500
001 RU\NLR\BIBL_A\022311088
005 20260420014039.0
021 _aRU
_bКН-П-24-042100
_9КН-П-24-4179
035 _a(NLR Aleph) 022311088
090 _a13664242
_c13664242
100 _a20240902d2024 u y0rusy50 ca
101 0 _arus
102 _aRU
105 _ay z 000 y
181 0 _ai
_baxxe
182 0 _an
200 1 _aТеория современного исторического познания
_eучебное пособие
_e(ридер для студентов-историков)
_eсборник статей
_fМинистерство образования и науки России, Государственный академический университет гуманитарных наук, Исторический факультет
_gпод редакцией М. С. Бобковой
203 _aТекст
_bвизуальный
_cнепосредственный
210 _aМосква
_cИВИ РАН
_d2024
215 _a236 с.
_d21
320 _aБиблиогр. в подстроч. примеч.
606 1 _aИсторическое познание
_jУчебно-методические пособия для высших учебных заведений
_91216281
_3RU\NLR\AUTH\66494339
686 1 _aТ080.4я73
686 1 _aЮ252
_bТ08я73
702 1 _aБобкова
_bМ. С.
_gМарина Станиславовна
_4340
712 0 2 _4570
_aГосударственный академический университет гуманитарных наук
_bИсторический факультет
_cМосква
_9856003
_3RU\NLR\AUTH\8810179897
942 _cBOOK
980 _aNB